1113 1642 1690 1563 1011 1100 1258 1359 1230 1956 1207 1773 1311 1841 1111 1650 1320 1987 1558 1710 1362 1523 1091 1316 1195 1149 1104 1907 1052 1438 1675 1388 1380 1005 1924 1508 1525 1907 1912 1938 1494 1510 1009 1013 1165 1225 1539 1836 1989 1857 1556 1198 1395 1698 1328 1414 1722 1421 1341 1794 1886 1346 1633 1343 1022 1533 1565 1660 1836 1268 1993 1987 1607 1446 1842 1454 1259 1151 1983 1513 1694 1584 1777 1220 1600 1777 1170 1306 1170 1724 1993 1739 1979 1142 1383 1967 1702 1337 1793 BCNSPRNW ULIB Ver.6.0+V

เปลี่ยนเป็นภาษาไทย

Change to English
 แสดงรายละเอียดบรรณานุกรม
  กลับหน้าหลัก

Brief Record : Get Marc (ISO 2709) : E-mail record : QR code < ปิดหน้าต่าง
LEADER : 00000nam 2200000uu 4500
001    13399112368
003     ULIB
008    110627s2551||||th 000 0 tha d
020    9789747503272
090    นว.^bจ685ก 2551
100 0  จูนิตา
245 00 เกมรัก..ซ่อนใจ/^cจูนิตา
250    พิมพ์ครั้งที่ 2
260    กรุงเทพฯ :^bแจ่มใส,^c2551
300    342 หน้า
710 1  แจ่มใส
945    ^p209^l0^i024465
995    ทศพร
999 ^a ใช้งานได้ทุกระบบ
รายการนี้ยังไม่มีแท็ก
คุณยังไม่ได้ล็อกอิน คุณสามารถมีกิจกรรมร่วมกับเว็บไซต์ได้ แต่ต้องล็อกอินก่อน ::
  ล็อกอิน

รายการสื่อสารสนเทศ

ลำดับที่ ประเภท เลขเรียก/บาร์โค้ด สถานที่ สถานะ
- ไม่พบข้อมูล -

BibComment


ยังไม่เคยถูกคอมเมนท์

คอมเมนท์ทรัพยากรรายการนี้
  คอมเมนท์: เกมรักซ่อนใจ จูนิตา


 Copyright 2026. Bcnsprnw @Library